LEADER 01094nam0 2200289 450 001 000008465 005 20071106091356.0 010 $a88-14-10956-7 100 $a20071106d2004----km-y0itay50------ba 101 0 $aita 102 $aIT 105 $ay-------001yy 200 1 $a<>armonizzazione del diritto privato europeo: il piano d'azione 2003$eGiornata di studi, Catania, 16 maggio 2003$fa cura di Marisa Meli, Maria Rosaria Maugeri 210 $aMilano$cGiuffre$d2004 215 $aX, 400 p.$d24 cm 225 2 $aPubblicazioni della Facolt di giurisprudenza$v193 312 $aTit. sul dorso 410 0$12001$aPubblicazioni della Facolt di giurisprudenza$v193 610 1 $aDiritto privato - Unificazione - Paesi della Comunita europea - Congressi - 2003 676 $a346.4$v21 702 1$aMeli,$bMarisa 702 1$aMaugeri,$bMaria Rosaria 801 0$aIT$bUNIPARTHENOPE$c2007$gRICA$2UNIMARC 912 $a000008465 951 $aH0106$b000538$cNAVA3$d20071106 996 $aArmonizzazione del diritto privato europeo: il piano d'azione 2003$91204426 997 $aUNIPARTHENOPE LEADER 04763nam1 2200709 i 450 001 BVEE016023 005 20170908093203.0 100 $a20050127d1555 ||||0itac50 ba 101 | $alat 102 $afr 181 1$6z01$ai $bxxxe 182 1$6z01$an 200 1 $aTomus primus \-decimus! omnium operum D. Aurelii Augustini ... ad fidem vetustorum exemplarium summa vigilantia repurgatorum à mendis innumeris, ... Cui accesserunt libri, epistolae, sermones, & fragmenta aliquot, hactenus numquam impressa. Additus est & index, multo quàm Basiliensis fuerat, copiosior 210 $aParisiis$capud Carolam Guillard, viduam Claudii Cheuallonii, & Gulielmum Desboys, sub Sole aureo, in via diui Iacobi$d1555 215 $a10 v.$d2º$eindice 300 $aA cura di Erasmus Roterodamus, il cui nome figura nella pref 300 $aMarca di Charlotte Guillard (S1229) sui front 300 $aCors. ; gr. ; rom 300 $aIniziali xil. 463 1$1001BVEE016024$12001 $aIndex omnium quae gravis et insignius a D. Aurelio Augustino scripta sunt, ... 463 1$1001BVEE016026$12001 $a˜10: œTomus decimus operum diui Aurelii Augustini Hipponensis episcopi, continens reliqua tractata apud populum, ...$v10 463 1$1001BVEE016029$12001 $a˜9: œTomus nonus operum diui Aurelii Augustini Hipponensis episcopi, continens illius tractatus: ...$v9 463 1$1001BVEE016032$12001 $a˜8: œTomus octauus operum diui Aurelii Augustini Hipponensis episcopi, continens enarrationes in Psalmos mysticos$v8 463 1$1001BVEE016034$12001 $a˜7: œTomus septimus operum diui Aurelii Augustini Hipponensis episcopi, continens reliquam partem tōn polemikōn, ...$v7 463 1$1001BVEE016036$12001 $a˜6: œTomus sextus operum diui Aurelii Augustini Hipponenesis episcopi, continens ta polemika, ...$v6 463 1$1001BVEE016037$12001 $a˜5: œTomus quintus operum diui Aurelii Augustini Hipponensis episcopi, continens 22. libros De civitate Dei. Cui accesserunt commentarij Ioan. Lodo. Viuis, ...$v5 463 1$1001BVEE016038$12001 $a˜4: œTomus quartus operum diui Aurelii Augustini Hipponensis episcopi, complectens reliqua tōn didaktikōn...$v4 463 1$1001BVEE016039$12001 $a˜3: œTomus tertius operum diui Aurelii Augustini Hipponensis episcopi, complectens ta didaktika, ...$v3 463 1$1001BVEE016041$12001 $a˜2: œTomus secundus operum diui Aurelii Augustini Hipponensis episcopi, complectens illius epistolas, non mediocri cura emendatus per Des. Erasmum Roterodamum. ...$v2 463 1$1001BVEE016042$12000 $a1$v1 500 10$aOpera$3BVEE015057$9CFIV004595$91304488 620 $dParigi$3TO0L002626 700 1$aAugustinus$b, Aurelius$c $3CFIV004595$4070$0152280 702 1$aErasmus$b, Desiderius$3CFIV002829 712 02$aGuillard, Charlotte & Des Boys, Guillaume$3BVEV023024$4650 790 0$aErasmus Desiderius : Roterodamus$3BVEV000675$zErasmus, Desiderius 790 1$aGeertsz$b, Geert$3CFIV002832$zErasmus, Desiderius 790 0$aErasmo : da Rotterdam$3CFIV027058$zErasmus, Desiderius 790 0$aErasmus Roterodamus$3CFIV028884$zErasmus, Desiderius 790 0$aÉrasme$3CFIV049115$zErasmus, Desiderius 790 0$aEràsimu : de Ròtterdam$3CFIV278429$zErasmus, Desiderius 790 0$aErasmus : Roterodamus$3PUVV171349$zErasmus, Desiderius 790 0$aDesiderius Erasmus$3SBNV047269$zErasmus, Desiderius 790 0$aAugustinus Aurelius$c $3BVEV021814$zAugustinus, Aurelius 790 0$aAgostino : d'Ippona$c $3CFIV013519$zAugustinus, Aurelius 790 1$aAgostino$b, Aurelio$c $3CFIV030601$zAugustinus, Aurelius 790 0$aAugustinus : von Hippo$c $3CFIV130059$zAugustinus, Aurelius 790 0$aAurelio Agostino$c $3CFIV137762$zAugustinus, Aurelius 790 0$aAgostino$c $3CFIV157151$zAugustinus, Aurelius 790 0$aAgostino$3CFIV211414$zAugustinus, Aurelius 790 0$aAugustinus : Hipponensis$c $3RMLV215613$zAugustinus, Aurelius 791 02$aDes Boys, Guillaume & Guillard, Charlotte$3BVEV027280$zGuillard, Charlotte & Des Boys, Guillaume 791 02$aGuillard, Charlotte & Desboys, Guillaume$3BVEV132786$zGuillard, Charlotte & Des Boys, Guillaume 791 02$aDesboys, Guillaume & Guillard, Charlotte$3BVEV132787$zGuillard, Charlotte & Des Boys, Guillaume 801 3$aIT$bIT-NA0079$c20050127 850 $aIT-NA0079 912 $aBVEE016023 921 $aBVEM001400$bIn cornice figurata: due leoni sorreggono uno scudo con le iniziali CC. Dietro stelle ed un sole splendente.$cS1229$dSui front. 967 $m10 977 $a BN 996 $aOpera$91304488 997 $aUNISANNIO